000 00700nam a2200193 4500
001 144478
003 ES-MaACL
005 20230906201027.0
007 t|
008 070214s1971 sp r ||||1| spa d
245 0 0 _aSituación actual de la agricultura española /
_c[versión... Salvador Cabré].
250 _a1ª ed.
260 _aBarcelona :
_bNova Terra,
_c1971 (
_fGráf. Víctor)
300 _a185 p. :
_bil. ;
_c17 cm +
_e7 h. pleg.
500 _aPrecede al tít.: Organización para la Cooperación y el Desarrollo Económico.
700 1 _aCabré, Salvador.
_933264
710 2 _aOrganización de Cooperación y Desarrollo Económico.
_9167502
852 _aES-MaACL
_jC-40801
_bR.78415
999 _c144478
_d144478